Handbook of Fruit Processing and Flower Arrangement Sem- II F.Y.B.Sc. (Record no. 365394)

MARC details
000 -LEADER
fixed length control field 00372nam a22001457a 4500
005 - DATE AND TIME OF LATEST TRANSACTION
control field 20250307150649.0
008 - FIXED-LENGTH DATA ELEMENTS--GENERAL INFORMATION
fixed length control field 250307b |||||||| |||| 00| 0 eng d
041 ## - LANGUAGE CODE
Language code of text/sound track or separate title Eng.
082 ## - DEWEY DECIMAL CLASSIFICATION NUMBER
Edition number 1st ed.
100 ## - MAIN ENTRY--PERSONAL NAME
Author Dhumal, K. N. & Others
245 ## - TITLE STATEMENT
Title Handbook of Fruit Processing and Flower Arrangement Sem- II F.Y.B.Sc.
250 ## - EDITION STATEMENT
Edition statement 1st ed.
300 ## - PHYSICAL DESCRIPTION
Extent R.1
942 ## - ADDED ENTRY ELEMENTS (KOHA)
Koha item type Books
Holdings
Withdrawn status Lost status Source of classification or shelving scheme Damaged status Not for loan Home library Current library Date acquired Vendor Cost, normal purchase price Bill number Barcode Date last seen Bill Date Koha item type Original Barcode
    Dewey Decimal Classification     Shri Siddhivinayak Mahila Mahavidyalaya Shri Siddhivinayak Mahila Mahavidyalaya 07/03/2025 Nirali 120.00 P 69148 SSMM-BK-32256 07/03/2025   Books 010032256
    Dewey Decimal Classification     Shri Siddhivinayak Mahila Mahavidyalaya Shri Siddhivinayak Mahila Mahavidyalaya 07/03/2025 Nirali 120.00 P 69148 SSMM-BK-32257 07/03/2025   Books 010032257
    Dewey Decimal Classification     Shri Siddhivinayak Mahila Mahavidyalaya Shri Siddhivinayak Mahila Mahavidyalaya 07/03/2025 Nirali 120.00 P 69148 SSMM-BK-32258 07/03/2025   Books 010032258
    Dewey Decimal Classification     Shri Siddhivinayak Mahila Mahavidyalaya Shri Siddhivinayak Mahila Mahavidyalaya 07/03/2025 Nirali 120.00 P 69148 SSMM-BK-32259 07/03/2025   Books 010032259
    Dewey Decimal Classification     Shri Siddhivinayak Mahila Mahavidyalaya Shri Siddhivinayak Mahila Mahavidyalaya 07/03/2025 Nirali 120.00 P 69148 SSMM-BK-32260 07/03/2025   Books 010032260